00571nam a22001817a 4500008004100000020001500041040001800056041000800074060003000082100002500112245010100137250000900238260004400247300001800291650002700309650002900336700002400365130821s1991 mx gr spa  a9682433096 aCo-BoUCMbspa00aspa aWA 950bC352e 1 ed.21991 aCastilla Serna, Luis00aEstadística simplificadabPara la investigación en ciencias de la saludcLuis Castilla Serna a1 ed aMéxico D.F. (México)bTrillasc1991 a438 páginas04aEstadística médica04aInvestigación médica aCravioto, Joaquín